[Event "World Rapid Women 2018"]
[Site "St Petersburg RUS"]
[Date "2018.12.27"]
[Round "8.2"]
[White "Muzychuk, Mariya"]
[Black "Saduakassova, Dinara"]
[Result "1-0"]
[WhiteTitle "GM"]
[BlackTitle "IM"]
[WhiteElo "2540"]
[BlackElo "2472"]
[WhiteFideId "14114550"]
[BlackFideId "13700090"]
[EventDate "2018.12.26"]

1. e4 e5 2. Nf3 Nc6 3. Bc4 Bc5 4. c3 Nf6 5. d3 O-O 6. O-O d5 7. exd5 Nxd5 8. a4
Bf5 9. a5 Nf6 10. b4 Bd6 11. a6 bxa6 12. Rxa6 Ne7 13. Nbd2 Ng6 14. Re1 Qc8 15.
Ne4 Nxe4 16. dxe4 Be6 17. Qe2 Bxc4 18. Qxc4 Qb7 19. Be3 Ne7 20. Rea1 Nc8 21. Nd2
Nb6 22. Qb3 Rfc8 23. R6a5 Rcb8 24. f3 h6 25. c4 Nd7 26. Rb5 Qc8 27. Raa5 Rxb5
28. Rxb5 Rb8 29. Rxb8 Qxb8 30. Qa4 Nb6 31. Qa5 Nd7 32. c5 Bf8 33. Qa4 Nf6 34.
Nc4 c6 35. Na5 Qd8 36. Nxc6 Qd3 37. Kf2 Qc3 38. Qa2 Kh7 39. Ke2 Nh5 40. g3 1-0

[Event "World Rapid Women 2018"]
[Site "St Petersburg RUS"]
[Date "2018.12.27"]
[Round "8.3"]
[White "Goryachkina, Aleksandra"]
[Black "Assaubayeva, Bibisara"]
[Result "1/2-1/2"]
[WhiteTitle "GM"]
[BlackTitle "FM"]
[WhiteElo "2518"]
[BlackElo "2372"]
[WhiteFideId "4147103"]
[BlackFideId "13708694"]
[EventDate "2018.12.26"]

1. e4 e5 2. Nf3 Nc6 3. d4 exd4 4. Nxd4 Nf6 5. Nxc6 bxc6 6. Nc3 Bb4 7. Bd3 d5 8.
exd5 cxd5 9. O-O O-O 10. h3 h6 11. Qf3 c6 12. Bf4 Bd6 13. Ne2 Bxf4 14. Nxf4 a5
15. Rfe1 a4 16. Rad1 Rb8 17. b3 axb3 18. axb3 Re8 19. Nh5 Nxh5 20. Qxh5 Rxe1+
21. Rxe1 Be6 22. Qe5 Ra8 23. f4 Qb8 24. Qxb8+ Rxb8 25. Ra1 f6 26. Ra6 Rc8 27. b4
Bd7 28. Ra7 Be6 29. c3 c5 30. Ba6 Rc6 31. Bb7 Rb6 32. bxc5 Rb3 33. f5 Bf7 34. c6
Rxc3 35. Ra8+ Kh7 36. Rf8 Bg8 37. Rd8 d4 38. Rxd4 Bb3 39. Kf2 Bc2 40. g4 h5 41.
Ke2 hxg4 42. hxg4 Kh6 43. Kd2 Rc5 44. Ke3 g6 45. fxg6 Kxg6 46. Rd6 Ba4 47. Kd4
Rc1 48. Ke3 Kg5 49. Rd5+ Kg6 50. Rd6 Kg5 51. Kf3 Rc3+ 52. Ke2 Rc2+ 53. Ke3 Rc3+
54. Ke4 Rc1 55. Ke3 Rc3+ 56. Kd2 Rc2+ 57. Kd3 Rc1 58. Re6 f5 59. gxf5 Kxf5 60.
Bc8 Kg5 61. Bd7 Rd1+ 62. Kc3 Rxd7 63. cxd7 Bxd7 64. Re7 Bf5 65. Kd4 Kf6 66. Ra7
Be6 67. Ra6 Kf7 68. Ke5 Bc4 69. Rc6 Bb3 70. Kf5 Kg7 71. Rc7+ Kh8 72. Rc3 Ba2 73.
Kf6 Bd5 74. Rc8+ Bg8 75. Rc1 Bd5 76. Ke7 Kg7 77. Rg1+ Kh8 78. Rg5 Ba2 79. Kf8
Kh7 80. Rg2 Bd5 81. Rd2 Bc4 82. Rh2+ Kg6 83. Ke7 Kg7 84. Rg2+ Kh8 85. Kf6 1/2-1/2

[Event "World Rapid Women 2018"]
[Site "St Petersburg RUS"]
[Date "2018.12.27"]
[Round "8.4"]
[White "Tan, Zhongyi"]
[Black "Abdumalik, Zhansaya"]
[Result "1/2-1/2"]
[WhiteTitle "GM"]
[BlackTitle "IM"]
[WhiteElo "2508"]
[BlackElo "2470"]
[WhiteFideId "8603642"]
[BlackFideId "13703544"]
[EventDate "2018.12.26"]

1. d4 Nf6 2. Bg5 d5 3. Nd2 Nbd7 4. Ngf3 g6 5. e3 Bg7 6. c4 O-O 7. cxd5 Nxd5 8.
Qb3 N7b6 9. Be2 a5 10. O-O Be6 11. Qd1 h6 12. Bh4 f5 13. Rc1 g5 14. Bg3 f4 15.
exf4 Nxf4 16. Re1 Bxa2 17. Qc2 Bd5 18. Qxc7 Nxe2+ 19. Rxe2 Rc8 20. Ree1 Rxc7 21.
Bxc7 Qd7 22. Bxb6 g4 23. Ne5 Qf5 24. Re2 Rc8 25. Rxc8+ Qxc8 26. Nf1 Bxe5 27.
Rxe5 Qc6 28. Bxa5 b6 29. Bc3 Bxg2 30. Ne3 Bh3 31. d5 Qa4 32. Nf5 Qd1+ 33. Be1
Kf8 34. Ng3 Ke8 35. Nf5 Kd8 36. Nxe7 Qf3 37. Nc6+ Kd7 38. Re7+ Kd6 39. Rd7+ Kxd7
40. Ne5+ Kd6 41. Nxf3 gxf3 42. Bd2 h5 43. Be3 b5 44. b4 Kxd5 45. Bc5 1/2-1/2

[Event "World Rapid Women 2018"]
[Site "St Petersburg RUS"]
[Date "2018.12.27"]
[Round "8.5"]
[White "Muzychuk, Anna"]
[Black "Girya, Olga"]
[Result "1-0"]
[WhiteTitle "GM"]
[BlackTitle "WGM"]
[WhiteElo "2569"]
[BlackElo "2454"]
[WhiteFideId "14111330"]
[BlackFideId "4195752"]
[EventDate "2018.12.26"]

1. f4 d5 2. Nf3 g6 3. g3 Bg7 4. Bg2 c6 5. O-O Nd7 6. Nc3 Nh6 7. e4 dxe4 8. Nxe4
O-O 9. d4 Nf6 10. Nxf6+ exf6 11. Be3 Re8 12. Bf2 Ng4 13. Qd2 Be6 14. b3 Bd5 15.
Rae1 Qd6 16. c3 f5 17. Rxe8+ Rxe8 18. Re1 Rxe1+ 19. Nxe1 Bxg2 20. Nxg2 Nf6 21.
Ne3 Ne4 22. Qc2 b5 23. Kg2 h5 24. h4 c5 25. dxc5 Qxc5 26. Qd3 Nxc3 27. Qd8+ Kh7
28. Qd7 Qb4 29. Qxa7 Qe4+ 30. Kh2 Qf3 31. Ng2 Qe2 32. Be1 Nxa2 33. Qxf7 Nc1 34.
Bc3 1-0

[Event "World Rapid Women 2018"]
[Site "St Petersburg RUS"]
[Date "2018.12.27"]
[Round "8.6"]
[White "Khotenashvili, Bela"]
[Black "Lei, Tingjie"]
[Result "1/2-1/2"]
[WhiteTitle "GM"]
[BlackTitle "GM"]
[WhiteElo "2479"]
[BlackElo "2453"]
[WhiteFideId "13602640"]
[BlackFideId "8605114"]
[EventDate "2018.12.26"]

1. d4 Nf6 2. Bg5 d5 3. e3 c5 4. c3 Qb6 5. b3 Ne4 6. Bf4 cxd4 7. Qxd4 Qxd4 8.
exd4 Nc6 9. f3 Nf6 10. Bd3 g6 11. g4 Bg7 12. Ne2 h5 13. g5 Nd7 14. h4 e5 15. Be3
O-O 16. Kf2 Re8 17. Na3 a6 18. Rad1 exd4 19. cxd4 b5 20. Nc2 Nb6 21. Ng3 Bd7 22.
f4 Ne7 23. Ne1 Bg4 24. Nf3 Nbc8 25. Rc1 Bxf3 26. Kxf3 Nd6 27. Rc5 Rad8 28. Bf2
Nef5 29. Bxf5 Nxf5 30. Nxf5 gxf5 31. Rhc1 Bf8 32. Rc6 Re4 33. Rc8 Ree8 34. Rxd8
Rxd8 35. Rc6 Rd6 36. Rc8 Kg7 37. Be3 Re6 38. Rd8 Rd6 39. Rc8 Re6 40. Bd2 Be7 41.
Rc7 Ba3 42. Rd7 Rd6 43. Rc7 Re6 44. Rd7 Rd6 45. Rc7 Re6 46. Rd7 1/2-1/2

[Event "World Rapid Women 2018"]
[Site "St Petersburg RUS"]
[Date "2018.12.27"]
[Round "8.8"]
[White "Lagno, Kateryna"]
[Black "Ovod, Evgenija"]
[Result "1-0"]
[WhiteTitle "GM"]
[BlackTitle "IM"]
[WhiteElo "2560"]
[BlackElo "2367"]
[WhiteFideId "14109336"]
[BlackFideId "4131827"]
[EventDate "2018.12.26"]

1. e4 e6 2. d4 d5 3. Nd2 dxe4 4. Nxe4 Bd7 5. Nf3 Bc6 6. Bd3 Nf6 7. Ng3 Nbd7 8.
O-O Be7 9. Re1 b6 10. Qe2 O-O 11. Bd2 Bb7 12. c4 Re8 13. Bc3 c5 14. Rad1 Qc7 15.
Bc2 Rad8 16. dxc5 Nxc5 17. Ne5 Rxd1 18. Rxd1 Rd8 19. Re1 a5 20. h3 Ba8 21. Kh2
Qb7 22. f4 h5 23. Nf3 Rd7 24. b3 g6 25. a3 Qb8 26. b4 axb4 27. axb4 Bxf3 28.
Qxf3 h4 29. bxc5 hxg3+ 30. Qxg3 Nh5 31. Qg4 Bf6 32. c6 Bxc3 33. cxd7 Bxe1 34.
Qg5 f6 35. Qxg6+ Kf8 36. Qh6+ Ke7 37. Qh7+ Kd6 38. Qxh5 Kxd7 39. Qd1+ Ke7 40.
Qxe1 Qxf4+ 41. Qg3 Qxc4 42. Bb3 Qd4 43. Qc7+ Qd7 44. Qxb6 1-0

[Event "World Rapid Women 2018"]
[Site "St Petersburg RUS"]
[Date "2018.12.27"]
[Round "8.9"]
[White "Gunina, Valentina"]
[Black "Stefanova, Antoaneta"]
[Result "1/2-1/2"]
[WhiteTitle "GM"]
[BlackTitle "GM"]
[WhiteElo "2496"]
[BlackElo "2486"]
[WhiteFideId "4167570"]
[BlackFideId "2902257"]
[EventDate "2018.12.26"]

1. e4 c6 2. d4 d5 3. Nc3 dxe4 4. Nxe4 Nf6 5. Nxf6+ exf6 6. Bc4 Bd6 7. Qe2+ Be7
8. Be3 Nd7 9. Bd3 b5 10. Nh3 Nb6 11. Nf4 f5 12. O-O O-O 13. Qf3 Qd6 14. Rae1 Bf6
15. Nh5 Bxd4 16. Bf4 Qg6 17. c3 Bc5 18. Be5 f6 19. Bg3 Rd8 20. Bc7 Rxd3 21. Qxd3
Qxh5 22. Bd6 Bxd6 23. Qxd6 Bd7 24. Re7 Nc8 25. Rxg7+ Kxg7 26. Qxd7+ Qf7 27. Qxc6
Nb6 28. Qxb5 Qd7 29. Qb4 Re8 30. c4 Qd4 31. b3 Re2 32. Qa5 Nd7 33. Qxf5 Rxa2 34.
h4 Ne5 35. h5 h6 36. Re1 Ra1 37. Rxa1 Qxa1+ 38. Kh2 Qd4 39. f4 Qd7 40. Qe4 Ng4+
41. Kg3 f5 42. Qc2 Nf6 43. c5 Nxh5+ 44. Kh2 Nxf4 45. c6 Qc7 46. Qc3+ Kh7 47. Kh1
Nd5 48. Qc4 Qe5 49. c7 Qxc7 50. Qxd5 Qc1+ 51. Kh2 Qf4+ 52. Kg1 Qe3+ 53. Kh2 Kg6
54. Qg8+ Kf6 55. Qf8+ Kg5 56. Qg7+ Kh5 57. Qf7+ Kg4 58. Qg6+ Qg5 59. Qe6 Qf4+
60. Kg1 Qc1+ 61. Kh2 Qc7+ 62. Kg1 Qg7 63. Qc4+ Kg5 64. Qc1+ Kg6 65. Qc6+ Qf6 66.
Qe8+ Qf7 67. Qc6+ Kh7 68. b4 Qe7 69. Qc5 Qe1+ 70. Kh2 Qh4+ 71. Kg1 Qe1+ 72. Kh2
Qh4+ 73. Kg1 Qe1+ 74. Kh2 1/2-1/2

[Event "World Rapid Women 2018"]
[Site "St Petersburg RUS"]
[Date "2018.12.27"]
[Round "8.10"]
[White "Khademalsharieh, Sarasadat"]
[Black "Arabidze, Meri"]
[Result "1-0"]
[WhiteTitle "IM"]
[BlackTitle "IM"]
[WhiteElo "2470"]
[BlackElo "2387"]
[WhiteFideId "12512214"]
[BlackFideId "13604040"]
[EventDate "2018.12.26"]

1. d4 d5 2. c4 dxc4 3. e3 Nf6 4. Nf3 Bg4 5. Bxc4 e6 6. Nc3 Nbd7 7. h3 Bh5 8. g4
Bg6 9. Nh4 c6 10. Nxg6 hxg6 11. Bd2 Nb6 12. Bb3 a5 13. a3 Be7 14. Kf1 Kf8 15.
Kg2 c5 16. Qf3 a4 17. Ba2 Kg8 18. Rad1 cxd4 19. Bc1 d3 20. Qxb7 Rb8 21. Qa6 Qc7
22. Qxd3 Qc6+ 23. e4 Nfd7 24. Bf4 Rb7 25. Qb5 Qc8 26. Qe2 Qc6 27. Rd2 Kh7 28.
Rhd1 Bf6 29. Rd6 Qc5 30. e5 Nxe5 31. Ne4 Qa5 32. Bd2 Qa8 33. Bc3 Ned7 34. Qf3
Bxc3 35. Ng5+ Kh6 36. Nxf7+ Kh7 37. Nxh8 Be5 38. Rxd7 Rxd7 39. Qxa8 Rxd1 40. Qe4 1-0

[Event "World Rapid Women 2018"]
[Site "St Petersburg RUS"]
[Date "2018.12.27"]
[Round "8.11"]
[White "Galliamova, Alisa"]
[Black "Dzagnidze, Nana"]
[Result "1-0"]
[WhiteTitle "IM"]
[BlackTitle "GM"]
[WhiteElo "2444"]
[BlackElo "2513"]
[WhiteFideId "4129725"]
[BlackFideId "13601903"]
[EventDate "2018.12.26"]

1. Nf3 c5 2. g3 b6 3. e4 Bb7 4. d3 d5 5. Nbd2 dxe4 6. dxe4 Nf6 7. e5 Ng4 8. e6
fxe6 9. Bg2 Qd7 10. O-O Nc6 11. Qe2 e5 12. h3 Nf6 13. Nxe5 Nxe5 14. Bxb7 Qxb7
15. Qxe5 Qd5 16. Qe2 Qh5 17. Qb5+ Kf7 18. Kg2 Rd8 19. Nf3 Qd5 20. Be3 Qa8 21.
Rad1 Rxd1 22. Rxd1 e6 23. Qe2 Be7 24. Kh2 Rd8 25. Ng5+ Kg8 26. Nxe6 Rxd1 27.
Qxd1 Qe4 28. Nf4 g5 29. Ng2 h6 30. Qd3 Qxd3 31. cxd3 Nd5 32. Bd2 Bf6 33. b3 Kf7
34. Ne3 Ne7 35. Kg2 Ke6 36. Kf3 h5 37. g4 h4 38. Ke4 b5 39. f4 gxf4 40. Ng2 Ng6
41. Nxf4+ Nxf4 42. Bxf4 Be7 43. g5 Bf8 44. Be5 a6 45. g6 Bh6 46. g7 Kf7 47. Kd5
Be3 48. Kc6 b4 49. Kb7 a5 50. Ka6 1-0

[Event "World Rapid Women 2018"]
[Site "St Petersburg RUS"]
[Date "2018.12.27"]
[Round "8.12"]
[White "Berend, Elvira"]
[Black "Koneru, Humpy"]
[Result "0-1"]
[WhiteTitle "WGM"]
[BlackTitle "GM"]
[WhiteElo "2332"]
[BlackElo "2541"]
[WhiteFideId "4000510"]
[BlackFideId "5008123"]
[EventDate "2018.12.26"]

1. d4 e6 2. Nf3 Nf6 3. g3 c5 4. c3 b6 5. Bg2 Bb7 6. O-O Be7 7. Bg5 O-O 8. Nbd2
h6 9. Bxf6 Bxf6 10. e3 Qc7 11. Re1 Nc6 12. Rc1 d5 13. e4 dxe4 14. Nxe4 Be7 15.
dxc5 bxc5 16. Qe2 Rfd8 17. Ned2 Rab8 18. b3 Bf6 19. Ne4 Be7 20. Ned2 Rd7 21. Nc4
Ba6 22. Qe4 Bf6 23. Nfe5 Nxe5 24. Nxe5 Rd2 25. Ng4 Be7 26. Ne5 Rxa2 27. Nxf7 Bf8
28. Ne5 Rxb3 29. Bh3 Rb6 30. Ng6 Bc8 31. Qc4 Raa6 32. Nf4 Qf7 33. Bg2 Bd6 34.
Nd3 Qc7 35. Re2 Kh8 36. Rce1 Bd7 37. Qh4 c4 38. Ne5 Bxe5 39. Rxe5 Rd6 40. Qh5
Kg8 41. Qg6 Qd8 42. Be4 Qf6 43. Qh7+ Kf7 44. Bc2 Bc6 45. Bd1 Rxd1 46. Rxd1 Qxe5 0-1

[Event "World Rapid Women 2018"]
[Site "St Petersburg RUS"]
[Date "2018.12.27"]
[Round "8.13"]
[White "Ushenina, Anna"]
[Black "Gaponenko, Inna"]
[Result "1/2-1/2"]
[WhiteTitle "GM"]
[BlackTitle "IM"]
[WhiteElo "2440"]
[BlackElo "2420"]
[WhiteFideId "14110911"]
[BlackFideId "14101181"]
[EventDate "2018.12.26"]

1. d4 d6 2. Nf3 g6 3. g3 Bg7 4. Bg2 Nd7 5. O-O e5 6. e4 Ngf6 7. Re1 O-O 8. c4
exd4 9. Nxd4 Re8 10. Nc3 Nc5 11. h3 c6 12. Bf4 Nh5 13. Be3 Nf6 14. Qc2 Qe7 15.
Rad1 Qf8 16. b4 Ncd7 17. f4 Nb6 18. Qb3 Nfd7 19. Bf2 Qe7 20. a3 Nf8 21. Kh2 Be6
22. Nxe6 Qxe6 23. Bf1 Rad8 24. a4 Nfd7 25. a5 Nc8 26. Qc2 Qf6 27. Rd3 Qe6 28.
Rd2 Qf6 29. Bd4 Qe7 30. Bxg7 Kxg7 31. Red1 g5 32. Qd3 Nf8 33. Qe3 gxf4 34. gxf4
Ng6 35. Bd3 Qh4 36. Ne2 Nce7 37. Qg3 Qxg3+ 38. Kxg3 d5 39. cxd5 cxd5 40. e5 f6
41. Bxg6 Kxg6 42. Nd4 fxe5 43. fxe5 Nc6 44. Nxc6 bxc6 45. Rc2 Re6 46. Rdc1 Kf5
47. Rxc6 Rxc6 48. Rxc6 Kxe5 49. Rc7 Rb8 50. Rxh7 Rxb4 51. Rxa7 d4 52. Kf2 Rb2+
53. Ke1 d3 54. h4 Kd4 55. a6 Ra2 56. Rd7+ Ke3 57. Re7+ Kd4 58. a7 Ra1+ 59. Kd2
Ra2+ 60. Kc1 Ra1+ 61. Kb2 Ra6 62. h5 d2 63. Kc2 Ra2+ 64. Kd1 Kd3 65. Rd7+ Ke3
66. h6 Ra1+ 67. Kc2 Ra2+ 68. Kd1 Ra1+ 69. Kc2 Ra2+ 70. Kc3 Ra3+ 71. Kc2 Ra2+ 72.
Kd1 Ra1+ 1/2-1/2

[Event "World Rapid Women 2018"]
[Site "St Petersburg RUS"]
[Date "2018.12.27"]
[Round "8.14"]
[White "Bodnaruk, Anastasia"]
[Black "Bivol, Alina"]
[Result "0-1"]
[WhiteTitle "IM"]
[BlackTitle "WGM"]
[WhiteElo "2420"]
[BlackElo "2393"]
[WhiteFideId "4181751"]
[BlackFideId "4100123"]
[EventDate "2018.12.26"]

1. e4 e6 2. d4 d5 3. Nc3 Bb4 4. e5 c5 5. a3 Bxc3+ 6. bxc3 Qa5 7. Bd2 Qa4 8. Qg4
Kf8 9. Qd1 b6 10. Nf3 Ba6 11. h4 Ne7 12. h5 h6 13. Rh4 cxd4 14. cxd4 Bxf1 15.
Kxf1 Nbc6 16. Rf4 Ke8 17. Kg1 Rc8 18. Nh4 Nd8 19. Ra2 Rc4 20. Be3 Rc3 21. Qc1
Ndc6 22. Bd2 Nxd4 23. Qd1 Rc4 24. Qg4 Ndf5 25. Rxc4 Qxc4 26. Qxc4 dxc4 27. Nf3
Nc6 28. a4 Kd7 29. Bc3 Rc8 30. Ra1 Nfe7 31. Bd2 Nd5 32. Ra3 a6 33. Kf1 b5 34.
axb5 axb5 35. c3 Rc7 36. Ke2 b4 37. cxb4 Ncxb4 38. Nd4 Nd3 39. Nb5 Rc5 40. Ra7+
Nc7 41. Nxc7 Rxc7 42. Ra5 Kc6 43. g3 Rb7 44. Bc3 Rb3 45. Bd4 Rb7 46. Ra8 Rd7 47.
Bc3 Nc5 48. Rg8 Ne4 49. Bb4 Kd5 50. Rxg7 Rb7 51. Be1 Rb2+ 52. Ke3 Rb1 53. Ba5
Ra1 54. Bb4 Ra4 55. Be1 Ra3+ 56. Ke2 c3 57. f3 Ng5 58. Rg8 Nxf3 59. Rd8+ Ke4 60.
Bf2 Ra2+ 61. Kf1 c2 62. Rc8 Ra1+ 0-1

[Event "World Rapid Women 2018"]
[Site "St Petersburg RUS"]
[Date "2018.12.27"]
[Round "8.15"]
[White "Cramling, Pia"]
[Black "Zhukova, Natalia"]
[Result "1/2-1/2"]
[WhiteTitle "GM"]
[BlackTitle "GM"]
[WhiteElo "2465"]
[BlackElo "2377"]
[WhiteFideId "1700030"]
[BlackFideId "14101513"]
[EventDate "2018.12.26"]

1. Nf3 Nf6 2. c4 e6 3. g3 d5 4. d4 dxc4 5. Bg2 c5 6. O-O Nc6 7. dxc5 Qxd1 8.
Rxd1 Bxc5 9. Nbd2 c3 10. bxc3 O-O 11. Bb2 Bd7 12. Nb3 Be7 13. c4 Rfd8 14. Ne1
Rac8 15. Nd3 b6 16. c5 Be8 17. cxb6 axb6 18. Rac1 Nd5 19. h4 h6 20. Ne5 Ncb4 21.
Rxc8 Rxc8 22. Rc1 Rxc1+ 23. Nxc1 Bb5 24. Be4 f6 25. Ned3 Bc4 26. Nxb4 Nxb4 27.
a3 Nd5 28. a4 Bb4 29. Bd4 Ba5 30. f4 Kf7 31. Kf2 b5 1/2-1/2

[Event "World Rapid Women 2018"]
[Site "St Petersburg RUS"]
[Date "2018.12.27"]
[Round "8.16"]
[White "Tokhirjonova, Gulrukhbegim"]
[Black "Batsiashvili, Nino"]
[Result "1/2-1/2"]
[WhiteTitle "WGM"]
[BlackTitle "GM"]
[WhiteElo "2444"]
[BlackElo "2459"]
[WhiteFideId "14203626"]
[BlackFideId "13602993"]
[EventDate "2018.12.26"]

1. e4 c6 2. d4 d5 3. e5 Bf5 4. h4 h5 5. c4 e6 6. Nc3 Ne7 7. Nge2 dxc4 8. Ng3 b5
9. Bg5 Qb6 10. Bxe7 Bxe7 11. Nxf5 exf5 12. Be2 Nd7 13. Qd2 Rd8 14. Qf4 Nf8 15.
Qxf5 g6 16. Qf3 Ne6 17. O-O Nxd4 18. Qe4 O-O 19. Rad1 Kg7 20. g3 b4 21. Nb1 Qc5
22. Rc1 Rd5 23. Bxc4 Rxe5 24. Qg2 Qb6 25. Rfe1 Rxe1+ 26. Rxe1 Bf6 27. Nd2 Nf5
28. b3 Bd4 29. Nf3 Nd6 30. Nxd4 Qxd4 31. Qxc6 Nxc4 32. Qxc4 Qxc4 33. bxc4 Rc8
34. Re7 a5 35. Ra7 Rxc4 1/2-1/2

[Event "World Rapid Women 2018"]
[Site "St Petersburg RUS"]
[Date "2018.12.27"]
[Round "8.17"]
[White "Vasilevich, Irina"]
[Black "Mammadova, Gulnar"]
[Result "0-1"]
[WhiteTitle "IM"]
[BlackTitle "IM"]
[WhiteElo "2258"]
[BlackElo "2368"]
[WhiteFideId "4141296"]
[BlackFideId "13403508"]
[EventDate "2018.12.26"]

1. c4 e5 2. Nc3 Nc6 3. g3 g6 4. Bg2 Bg7 5. Rb1 f5 6. b4 Nf6 7. d3 O-O 8. b5 Ne7
9. Nf3 Nh5 10. Qb3 h6 11. h3 d6 12. c5+ d5 13. c6 bxc6 14. bxc6 Kh7 15. Ba3 d4
16. g4 Nf4 17. Kf1 dxc3 18. h4 Be6 19. Qxc3 Nxg2 20. Kxg2 fxg4 21. Nxe5 Qd5+ 22.
e4 Bxe5 23. exd5 Bxd5+ 24. Kg1 Bxc3 25. Bxe7 Rf7 0-1

[Event "World Rapid Women 2018"]
[Site "St Petersburg RUS"]
[Date "2018.12.27"]
[Round "8.18"]
[White "Voit, Daria"]
[Black "Komiagina, Maria"]
[Result "1/2-1/2"]
[WhiteTitle "FM"]
[BlackTitle "WIM"]
[WhiteElo "2358"]
[BlackElo "2234"]
[WhiteFideId "4182146"]
[BlackFideId "4153987"]
[EventDate "2018.12.26"]

1. Nf3 Nf6 2. c4 g6 3. d4 Bg7 4. Nc3 d6 5. Bg5 h6 6. Bh4 g5 7. Bg3 Nh5 8. e3 e6
9. Be2 Nxg3 10. hxg3 Nd7 11. Qc2 Qe7 12. O-O-O Nf6 13. Nd2 a6 14. f4 g4 15. e4
h5 16. e5 Nd7 17. Rh2 f5 18. exf6 Nxf6 19. Nde4 Bd7 20. Nxf6+ Bxf6 21. Qg6+ Qf7
22. Qxf7+ Kxf7 23. Ne4 Bc6 24. Nxf6 Kxf6 25. Rdh1 Rhg8 26. Bf1 Be8 27. Kd2 b5
28. Bd3 bxc4 29. Bxc4 Bf7 30. Rc1 Rab8 31. b3 a5 32. Ba6 Rb6 33. Bd3 Rc8 34. Rc2
Rb4 35. Ke3 a4 36. bxa4 Rxa4 37. Rh1 Ra3 38. Rb1 Rca8 39. Rb3 Rxa2 40. Rbc3 Rxc2
41. Rxc2 Ra7 42. Rc3 Ra2 43. Be2 Ra7 44. Rb3 Be8 45. Rb8 Bc6 46. Rh8 Ra5 47. Bf1
Ra1 48. Bd3 Bxg2 49. Rxh5 Ra3 50. Kd2 c6 51. Rh6+ Kf7 52. Rh7+ Kf6 53. Rh6+ Kf7 1/2-1/2

[Event "World Rapid Women 2018"]
[Site "St Petersburg RUS"]
[Date "2018.12.27"]
[Round "8.19"]
[White "Harika, Dronavalli"]
[Black "Tomilova, Elena"]
[Result "1/2-1/2"]
[WhiteTitle "GM"]
[BlackTitle "WIM"]
[WhiteElo "2494"]
[BlackElo "2338"]
[WhiteFideId "5015197"]
[BlackFideId "4162340"]
[EventDate "2018.12.26"]

1. d4 d5 2. Bg5 f6 3. Bd2 Nc6 4. e3 e5 5. Bb5 Bd6 6. c4 dxc4 7. Ne2 Be6 8. Qa4
Ne7 9. Bxc4 Qd7 10. Nbc3 exd4 11. Bxe6 Qxe6 12. Nxd4 Qg4 13. Nxc6 Qxa4 14. Nxa4
Nxc6 15. Ke2 O-O-O 16. Rac1 Rhe8 17. a3 Nd4+ 18. Ke1 Nb3 19. Rd1 Nxd2 20. Rxd2
Be5 21. Rc2 f5 22. Ke2 c6 23. b4 Kb8 24. Nc5 Bd6 25. g3 f4 26. gxf4 Bxf4 27. Rg1
g6 28. h3 Bd6 29. Nd3 Re4 30. Rg4 Rde8 31. Rc1 a5 32. Rc4 Rxc4 33. Rxc4 axb4 34.
axb4 Kc7 35. Rc2 Re4 36. f4 b5 37. Kf3 Rc4 38. Rxc4 bxc4 39. Ne1 Bxb4 40. Nc2
Bc5 41. e4 Kb6 42. e5 Kb5 43. e6 Ka4 44. Ke4 Kb3 45. Nd4+ Kb2 46. Nxc6 c3 47.
Ne5 c2 48. Nd3+ Kc3 49. Nc1 Ba3 50. Ne2+ Kd2 51. Nd4 c1=Q 52. Nb3+ Kc2 53. Nxc1
Kxc1 54. f5 Be7 55. fxg6 hxg6 56. Kd5 Kd2 57. Kc6 Ke3 58. Kd7 Bg5 59. e7 1/2-1/2

[Event "World Rapid Women 2018"]
[Site "St Petersburg RUS"]
[Date "2018.12.27"]
[Round "8.20"]
[White "Javakhishvili, Lela"]
[Black "Nakhbayeva, Guliskhan"]
[Result "0-1"]
[WhiteTitle "IM"]
[BlackTitle "IM"]
[WhiteElo "2464"]
[BlackElo "2371"]
[WhiteFideId "13601458"]
[BlackFideId "13704788"]
[EventDate "2018.12.26"]

1. d4 Nf6 2. c4 e6 3. Nf3 d5 4. g3 dxc4 5. Bg2 Bb4+ 6. Bd2 c5 7. Bxb4 cxb4 8.
Ne5 O-O 9. Nxc4 Nc6 10. e3 e5 11. dxe5 Qxd1+ 12. Kxd1 Ng4 13. Ke2 Ngxe5 14. Nbd2
Bg4+ 15. f3 Be6 16. Rhc1 Rfd8 17. Nxe5 Nxe5 18. Rc7 Rd7 19. Rac1 Rad8 20. Rxd7
Bxd7 21. Rc5 f6 22. h3 Bc6 23. b3 b6 24. Rc2 Bb5+ 25. Nc4 Bxc4+ 26. bxc4 Nd3 27.
f4 Nc5 28. Bd5+ Kf8 29. Kf3 a5 30. Rb2 Ke7 31. e4 Na4 32. Rd2 Nc3 33. Ke3 f5 34.
e5 b5 35. Bc6 Rxd2 36. Kxd2 bxc4 37. a4 Ne4+ 38. Ke3 b3 0-1

[Event "World Rapid Women 2018"]
[Site "St Petersburg RUS"]
[Date "2018.12.27"]
[Round "8.21"]
[White "Mkrtchian, Lilit"]
[Black "Maltsevskaya, Aleksandra"]
[Result "1/2-1/2"]
[WhiteTitle "IM"]
[BlackTitle "WGM"]
[WhiteElo "2392"]
[BlackElo "2243"]
[WhiteFideId "13300601"]
[BlackFideId "24174041"]
[EventDate "2018.12.26"]

1. c4 Nf6 2. Nc3 g6 3. e4 d6 4. d4 Bg7 5. h3 O-O 6. Be3 Na6 7. Bd3 c5 8. d5 e6
9. Nf3 exd5 10. exd5 Nb4 11. Bb1 b5 12. Nxb5 Ba6 13. O-O Nbxd5 14. Bc1 Nb6 15.
Qxd6 Qxd6 16. Nxd6 Rad8 17. Ne4 Nxe4 18. Bxe4 Bxc4 19. Re1 h6 20. a4 Rfe8 21.
Ra3 f5 22. Bc2 Rxe1+ 23. Nxe1 Nd5 24. Bd3 Bxd3 25. Rxd3 Re8 26. Kf1 Nb4 27. Rd7
Na2 28. Be3 c4 29. Rc7 Re4 30. Nc2 c3 31. bxc3 Rxa4 32. Rxa7 Rxa7 1/2-1/2

[Event "World Rapid Women 2018"]
[Site "St Petersburg RUS"]
[Date "2018.12.27"]
[Round "8.22"]
[White "Badelka, Olga"]
[Black "Ambartsumova, Karina"]
[Result "0-1"]
[WhiteTitle "WIM"]
[BlackTitle "WGM"]
[WhiteElo "2385"]
[BlackElo "2383"]
[WhiteFideId "13509926"]
[BlackFideId "4166299"]
[EventDate "2018.12.26"]

1. d4 Nf6 2. c4 g6 3. Nc3 Bg7 4. e4 d6 5. Be2 O-O 6. Be3 e5 7. d5 a5 8. g4 Na6
9. g5 Nd7 10. h4 Nac5 11. h5 Nb6 12. Qc2 Bd7 13. O-O-O Qe7 14. f3 c6 15. dxc6
Bxc6 16. Bf1 Rad8 17. Kb1 Nbd7 18. Nd5 Bxd5 19. cxd5 Rfe8 20. Qh2 Nf8 21. Bb5
Ncd7 22. Ne2 Rc8 23. hxg6 fxg6 24. Ng3 Rc7 25. Qd2 Ra8 26. Rc1 Rxc1+ 27. Rxc1
Qd8 28. Qc3 Nc5 29. Bxc5 dxc5 30. Qxc5 Qxg5 31. Ne2 Bh6 32. d6 Qf6 33. Rd1 Rd8
34. d7 b6 35. Qc7 Bg5 36. Nc3 Kg7 37. Nd5 Qxf3 38. Qxe5+ Bf6 39. Nxf6 Qxd1# 0-1

[Event "World Rapid Women 2018"]
[Site "St Petersburg RUS"]
[Date "2018.12.27"]
[Round "8.23"]
[White "Mamedjarova, Zeinab"]
[Black "Paramzina, Anastasya"]
[Result "0-1"]
[WhiteTitle "WGM"]
[BlackTitle "WGM"]
[WhiteElo "2338"]
[BlackElo "2229"]
[WhiteFideId "13401521"]
[BlackFideId "4165012"]
[EventDate "2018.12.26"]

1. d4 Nf6 2. Nf3 g6 3. g3 Bg7 4. Bg2 c5 5. c3 cxd4 6. cxd4 O-O 7. O-O d5 8. Nc3
Ne4 9. Qb3 Nxc3 10. bxc3 Nc6 11. Ng5 h6 12. Nf3 Na5 13. Qb4 b6 14. Ne5 Ba6 15.
Re1 Rc8 16. h4 Nc4 17. Ng4 Kh7 18. h5 gxh5 19. Qb1+ f5 20. Nh2 e6 21. Nf3 Rg8
22. Nh4 Nd6 23. Qb4 Bf8 24. Qa4 Bb5 25. Qxa7+ Rg7 26. Qa3 Ne4 27. Qb2 Ba6 28.
Bf4 Be7 29. Nf3 h4 30. Be5 Rg6 31. e3 hxg3 32. fxg3 Nxg3 33. Kh2 Ne4 34. Rac1
Bd6 35. Rg1 Bxe5+ 36. dxe5 Ng5 37. Nh4 Rg7 38. Qf2 Rc4 39. Kh1 Nf7 40. Nxf5 exf5
41. Qxf5+ Kh8 42. Bh3 Ng5 43. Bg4 Bc8 44. Qf6 Qe8 45. e6 Rxg4 46. Rcf1 Qh5# 0-1